Механизмы управления инновационными проектами в нефтегазовом комплексе России (Запись № 10807082)

Подробности
000 -МАРКЕР
контрольное поле 02121nam0a2200325 i 4500
001 - ИДЕНТИФИКАТОР ЗАПИСИ
контрольное поле RU\NLR\BIBL_A\011268454
005 - ИДЕНТИФИКАТОР ВЕРСИИ
контрольное поле 20240921173725.0
010 ## - МЕЖДУНАРОДНЫЙ СТАНДАРТНЫЙ НОМЕР КНИГИ (ISBN)
Номер (ISBN) 9785949201596
Тираж 200
021 ## - НОМЕР ГОСУДАРСТВЕННОЙ РЕГИСТРАЦИИ
Код страны Российская Федерация
Номер 2016-81205
Номер Листа государственной регистраци 5302
035 ## - ДРУГИЕ СИСТЕМНЫЕ НОМЕРА
Идентификатор записи (NLR Aleph) 011268454
100 ## - ДАННЫЕ ОБЩЕЙ ОБРАБОТКИ
Данные общей обработки 20161111d2014 u y0rusy50 ca
101 0# - ЯЗЫК РЕСУРСА
Язык текста, звукозаписи и т.д. русский
102 ## - СТРАНА ПУБЛИКАЦИИ ИЛИ ПРОИЗВОДСТВА
Страна публикации Российская Федерация
105 ## - ПОЛЕ КОДИРОВАННЫХ ДАННЫХ: ТЕКСТОВЫЕ МАТЕРИАЛЫ, МОНОГРАФИЧЕСКИЕ
Кодированные данные о монографическом текстовом документе a j 001zy
200 1# - ЗАГЛАВИЕ И СВЕДЕНИЯ ОБ ОТВЕТСТВЕННОСТИ
Основное заглавие Механизмы управления инновационными проектами в нефтегазовом комплексе России
Сведения, относящиеся к заглавию [учебное пособие по направлению "Менеджмент" и "Экономика" ]
Первые сведения об ответственности Д.В. Котов, О.Ю. Ефимова, М.А. Полещук, Е.А. Зараменская
Последующие сведения об ответственности М-во образования и науки Рос. Федерации, Федер. гос. бюджет. образоват. учреждение высш. проф. образования "Уфимский гос. нефт. техн. ун-т", Ин-т доп. проф. образования
210 ## - ПУБЛИКАЦИЯ, РАСПРОСТРАНЕНИЕ И ДР.
Место издания, распространения и т.д. Уфа
Имя издателя, распространителя и т. д. Монография
Дата издания, распространения и т.д. 2014
215 ## - ФИЗИЧЕСКАЯ ХАРАКТЕРИСТИКА
Специфическое обозначение материала и объем 175 с.
Другие сведения о физической характеристике ил.
Размеры 21
320 ## - ПРИМЕЧАНИЯ О НАЛИЧИИ В ДОКУМЕНТЕ БИБЛИОГРАФИИ / УКАЗАТЕЛЯ
Текст примечания Библиогр.: с. 171-175 (62 назв.)
606 1# - НАИМЕНОВАНИЕ ТЕМЫ КАК ПРЕДМЕТ
Наименование темы Нефтегазовая промышленность
Формальный подзаголовок Учебные издания для высших учебных заведений
Тематический подзаголовок Инновационная деятельность
-- Финансирование
Географический подзаголовок Российская Федерация
Системный номер авторитетной/нормативной записи 2493228
Идентификатор авторитетной/нормативной записи RU\NLR\AUTH\661479200
686 1# - ИНДЕКСЫ ДРУГИХ КЛАССИФИКАЦИЙ
Индекс У30(2)565.2-93(2Р)я73
686 1# - ИНДЕКСЫ ДРУГИХ КЛАССИФИКАЦИЙ
Индекс У30(2)565.2-55(2Р)я73
701 #1 - ИМЯ ЛИЦА - АЛЬТЕРНАТИВНАЯ ОТВЕТСТВЕННОСТЬ
Графика поля Кириллица
Материалы, к которым относится поле rus
Начальный элемент ввода Котов
Часть имени, кроме начального элемента ввода Д. В.
Расширение инициалов личного имени Дмитрий Валерьевич
Системный номер авторитетной/нормативной записи 166007
Идентификатор авторитетной/нормативной записи RU\NLR\AUTH\770166054
701 #1 - ИМЯ ЛИЦА - АЛЬТЕРНАТИВНАЯ ОТВЕТСТВЕННОСТЬ
Начальный элемент ввода Ефимова
Часть имени, кроме начального элемента ввода О. Ю.
Дополнения к именам, кроме дат специалист в обл. экономики и управления
Расширение инициалов личного имени Олеся Юрьевна
Системный номер авторитетной/нормативной записи 167619
Идентификатор авторитетной/нормативной записи RU\NLR\AUTH\770167666
701 #1 - ИМЯ ЛИЦА - АЛЬТЕРНАТИВНАЯ ОТВЕТСТВЕННОСТЬ
Начальный элемент ввода Полещук
Часть имени, кроме начального элемента ввода М. С.
Расширение инициалов личного имени Максим Сергеевич
701 #1 - ИМЯ ЛИЦА - АЛЬТЕРНАТИВНАЯ ОТВЕТСТВЕННОСТЬ
Начальный элемент ввода Зараменская
Часть имени, кроме начального элемента ввода Е. А.
Расширение инициалов личного имени Екатерина Александровна
942 ## - ДОПОЛНИТЕЛЬНЫЕ ЭЛЕМЕНТЫ ЗАПИСИ (АБИС)
Тип экземпляра АБИС Книга
980 ## - КОЛЛЕКЦИЯ
Название коллекции НБР

Нет доступных экземпляров.